000 00871nam a2200217 4500
999 _c17366
_d17366
008 221003b ||||| |||| 00| 0 eng d
020 _a9780367686529
082 _22022
_aDC 004.678
_bIn886
245 _aInternet of things :
_benergy, industry, and healthcare /
_cedited by Arun Kumar Rana, Ayodeji Olalekan Salau, Sharad Sharma, Shubham Tayal, Swati Gupta.
250 _aFirst edition.
260 _aAbingdon, Oxon :
_bCRC Press,
_c©2022.
300 _axix, 310 pages :
_billustrations :
_c24 cm.
500 _aIncludes bibliographical references and index.
650 _aInternet of things.
_940314
700 _aRana, Arun Kumar
_eauthor.
_946211
700 _aSalau, Ayodeji Olalekan
_eauthor.
_946212
700 _aSharma, Sharad
_eauthor.
_946213
700 _aTayal, Shubham
_eauthor.
_946214
700 _aGupta, Swati.
_eauthor.
_946215
942 _2ddc
_cDC